000 00312nam a2200121Ia 4500
008 250110s9999 xx 000 0 und d
041 _aeng
100 _aGhatage Anahita.
_9184172
245 _aMedia Lab, Mumbai University
260 _bBNCA, Pune
_c2018
300 _a73p
700 _aGuide Name:Patwardhan Ravi
999 _c364107
_d364107